MDQL
is popping MORE tags! Check the
thread
!
Quizzes
Events
Quiz Creation
Community
Videos
Private Events
Remove Ads
Sign In
Join for FREE
Feedback
Dark Mode
Quiz Categories
Sports
Geography
Music
Movies
Television
Just For Fun
Miscellaneous
History
Literature
Language
Science
Gaming
Entertainment
Religion
Holiday
For Kids
Quiz Lab
Recent
Popular Today
Quiz Kudos Today
Editor Picks
Curator Picks
Quizzes by...
Day
Popularity
Type
Ratings
Length
Year
Community
Subscriptions
Recent Discussions
Orange Saloon
Badges
Playlists
Quests
Create
Leaderboards
Showdown
Live 5
Trivia Bingo
Activity
Puzzle Library
Sporcle Events
Private Events
Virtual Trivia
Globe League
Become a Host
Pub Owners
SporcleCon
Opinionation
Our Games
Videos
Blog
Mobile Apps
Partnerships
Remove Ads and Go Orange
Feedback
Movies
Disney
Marvel Cinematic Universe
Movie Resume
Movie Titles
Oscar
Actor
Actress
Director
Pixar
Role
Movie Quotes
Movie Characters
Box Office
Nominee
Best Picture
Star Wars
James Bond
Horror Movies
Movies
Disney
Marvel Cinematic Universe
Movie Resume
Movie Titles
Oscar
Actor
Actress
Director
Pixar
Role
Movie Quotes
Movie Characters
Box Office
Nominee
Best Picture
Star Wars
James Bond
Horror Movies
Random Quiz
Search Sporcle
×
Quiz Lab
Quiz Lab
Movies
Director
Type in answers that appear in a list
Type in answers that appear in a list
Classic
Best Score? Go Orange.
Sight & Sound Top 10 Movies Part II Stats
Can you name the Sight & Sound Top 10 All-Time Movies, as Polled from 1992-2002?
By
vidpeter
15m
60 Questions
268 Plays
268 Plays
268 Plays
Comments
Comments
Give Quiz Kudos
Give Quiz Kudos
-
- Ratings
hide this ad
Replay
Link that replays current quiz
Next Quiz
Link to next quiz in quiz playlist
You Got
0%
They Got
Avg Score
66%
Avg Friend Score
Upgrade to see
Score Distribution
Jump to the score distribution portion of the page
Score
0/60
Timer
15:00
0
Plays Today
Year of Poll
Movie
% Correct
1992 Directors Poll
The Godfather
98.5%
2002 Critics Poll
The Godfather
98.5%
2002 Directors Poll
The Godfather
97.8%
1992 Critics Poll
Citizen Kane
97%
1992 Directors Poll
Citizen Kane
97%
2002 Critics Poll
Citizen Kane
97%
2002 Directors Poll
Citizen Kane
96.6%
1992 Directors Poll
The Godfather Part II
93.3%
2002 Critics Poll
The Godfather Part II
93.3%
2002 Directors Poll
The Godfather Part II
92.2%
1992 Critics Poll
Vertigo
88.8%
1992 Directors Poll
Vertigo
88.8%
2002 Critics Poll
Vertigo
88.8%
1992 Critics Poll
2001: A Space Odyssey
88.4%
2002 Critics Poll
2001: A Space Odyssey
88.4%
2002 Directors Poll
Vertigo
88.1%
2002 Directors Poll (cont)
2001: A Space Odyssey
86.6%
2002 Directors Poll (cont)
Psycho
83.2%
1992 Directors Poll
Raging Bull
80.6%
1992 Directors Poll
Seven Samurai
79.5%
2002 Directors Poll
Raging Bull
79.5%
2002 Critics Poll
Seven Samurai
78.7%
2002 Directors Poll (cont)
Seven Samurai
78.4%
2002 Directors Poll
8 1/2
73.5%
1992 Directors Poll
8 1/2
73.1%
2002 Critics Poll
8 1/2
73.1%
2002 Directors Poll
Dr. Strangelove
69%
2002 Directors Poll
Lawrence of Arabia
68.7%
1992 Critics Poll
The Searchers
67.9%
2002 Critics Poll
The Searchers
67.9%
Year of Poll
Movie
% Correct
2002 Critics Poll
Rashomon
62.7%
1992 Directors Poll
Rashomon
61.9%
2002 Directors Poll (cont)
Rashomon
61.9%
2002 Directors Poll (cont)
The Apartment
61.2%
1992 Directors Poll
Modern Times
60.1%
2002 Critics Poll
Singin' in the Rain
58.2%
1992 Critics Poll
Battleship Potemkin
57.8%
2002 Critics Poll
Battleship Potemkin
57.8%
2002 Critics Poll
The General
53.7%
2002 Critics Poll
Touch of Evil
53.4%
2002 Directors Poll (cont)
La dolce vita
53%
2002 Directors Poll (cont)
Sunset Boulevard
52.6%
1992 Critics Poll
Rules of the Game
50.7%
2002 Critics Poll
Rules of the Game
50.7%
2002 Directors Poll
Bicycle Thieves
50.7%
2002 Directors Poll (cont)
Rules of the Game
50%
1992 Critics Poll
Tokyo Story
47.4%
2002 Critics Poll
Tokyo Story
47.4%
2002 Directors Poll (cont)
Tokyo Story
47.4%
2002 Critics Poll
Sunrise
45.5%
2002 Critics Poll
Breathless
41.8%
2002 Critics Poll
Passion of Joan of Arc
41%
1992 Critics Poll
Passion of Joan of Arc
40.7%
1992 Directors Poll
Passion of Joan of Arc
40.7%
1992 Directors Poll
La Strada
38.4%
2002 Critics Poll
L'Atalante
34.3%
1992 Critics Poll
L'Atalante
33.6%
1992 Directors Poll
L'Atalante
33.6%
1992 Critics Poll
Pather Panchali
26.1%
2002 Directors Poll (cont)
Mirror
25.7%
Quiz Playlist
Details
Report
Send in Message
Add To Playlist
Classic:
Type in answers that appear in a list
Quiz Source
Last Updated: Feb 16, 2017
Quiz Scoreboard
CHALLENGE
Sign Up to Join the Scoreboard
Show All
Scores
Hide
Comments
May contain spoilers
Recently Published
Holiday 10x10 Sorting Gallery
by lukepisani3
Holiday
15m
Two Season TV Shows II
by 123Four
Television
10m
Image Sorting: Flags VI
by Barbecue
Geography
2m
More to Explore
Quiz From the Vault
Featured Blog Post
14 Easter Pick-up Lines to Find Eggs With
hide this ad
You Might Also Like...
Tags
Director Quiz
1992
poll
Polled
sight
Sight Sound
sound
Top 10
Today's Top Quizzes in Movies
Browse Movies
hide this ad
Today's Top Quizzes in Director
Browse Director
Top Contributed Quizzes in Movies
1
The ultimate James Bond movie quiz
2
Find The 'Big' Movie
3
Find The 'Wild' Movie
4
Find The 'Blue' Movie
5
Movies By Plot
6
Hidden Star Wars Character II
7
25 Best Actor Nominees (1990s)
8
Hidden Star Wars Character III
9
😉 2024 Oscar Nominees by Emoji
10
Hidden Star Wars Character IV
Explore More
Trending Topics
Anime
Crossword
NBA
Marvel
Kpop
Disney
Harry Potter
Country
Song
WWE
Pokémon
Puzzle
NFL
The Office
Soccer
hide this ad
More By:
vidpeter
Quiz
Plays
Rating
Category
Featured
Created
Features directed by Terrence Malick
290
4.75
Movies
Nov 24, 2009
Name the G20 (Group of 20)
284
4.75
Geography
Jul 31, 2010
Sight & Sound Top 10 Movies Part II
268
5.00
Movies
Nov 3, 2009
Sight & Sound Top 10 Movies Part I
205
5.00
Movies
Nov 3, 2009
Go to Creator's Profile
Score Distribution
Quiz Creator Spotlight
vidpeter
Follow
Send a Message
Quizzes Created
-
Created Quiz Play Count
-
More By This Creator
Popular Quizzes Today
1
Find the US States - No Outlines Minefield
2
Colored Red Africa Blitz
3
Find the 'City' Movie
4
The Countries of the World
5
5x2 Blitz: Bands
6
Find the US States
7
Find the Countries of Europe - No Outlines Minefield
8
US States
More Movies Quizzes
Who Said It? Office Space
Published
Trending Quizzes
Colored Red Europe Blitz I
Colored Red Europe Blitz II
Colored Red Africa Blitz II
Colored Red Europe Blitz III
Colored Red Africa Blitz III
Recently Updated
Odd Team Out - Big 4 Players
pecheneg
Quick Pick: 20 Twenties
pecheneg
March Madness Men's Triple Doubles
pecheneg
How Do You Spell That?
pecheneg
Godzilla Movies
pecheneg
Grab Bag: 4-10 Letters
pecheneg
2024 March Madness Bracket
pecheneg
Famous TV Couples
Peacemaker
Champions League XIs: Real Madrid
pecheneg
Largest US Cities 1790-2010
pecheneg
Trending Topics
Marvel
Kpop
Anime
Disney
Harry Potter
Crossword
NBA
Country
Puzzle
Pokémon
Soccer
Song
WWE
NFL
The Office
Your Account Isn't Verified!
In order to create a playlist on Sporcle, you need to verify the email address you used during registration. Go to your
Sporcle Settings
to finish the process.
Report this User
Report this user for behavior that violates our
Community Guidelines
.
Details:
Send Report
Go to the Sporcle.com Mobile Site →
Comments